My forty years with Ford, by Charles E. Sorensen with Samuel T. Williamson
Enregistré dans:
| Auteur principal: | |
|---|---|
| Format: | Livre |
| Langue: | Undetermined |
| Publié: |
New York
Collier - Macmilan Ltd
1956
|
| Sujets: | |
| Tags: |
Ajouter un tag
Pas de tags, Soyez le premier à ajouter un tag!
|
| Thư viện lưu trữ: | Trung tâm Học liệu Trường Đại học Cần Thơ |
|---|
| LEADER | 00564nam a2200181Ia 4500 | ||
|---|---|---|---|
| 001 | CTU_83685 | ||
| 008 | 210402s9999 xx 000 0 und d | ||
| 082 | |a 629.2 | ||
| 082 | |b S713 | ||
| 100 | |a Sorensen, Charles E. | ||
| 245 | 0 | |a My forty years with Ford, by Charles E. Sorensen with Samuel T. Williamson | |
| 245 | 0 | |c Charles E. Sorensen, Samuel T. Williamson | |
| 260 | |a New York | ||
| 260 | |b Collier - Macmilan Ltd | ||
| 260 | |c 1956 | ||
| 650 | |a Ford motor company | ||
| 904 | |i Qhieu(sửa) | ||
| 980 | |a Trung tâm Học liệu Trường Đại học Cần Thơ | ||